l.s.d. a shortcut to false samadhi (Record no. 223385)

MARC details
000 -LEADER
fixed length control field 00502nam a2200169Ia 4500
008 - FIXED-LENGTH DATA ELEMENTS--GENERAL INFORMATION
fixed length control field 090201s9999 xx 000 0 und d
010 ## - LIBRARY OF CONGRESS CONTROL NUMBER
LC control number KPL-12816
040 ## - CATALOGING SOURCE
Language of cataloging इंग्रजी
041 ## - LANGUAGE CODE
Language code of text/sound track or separate title इंग्रजी
082 ## - DEWEY DECIMAL CLASSIFICATION NUMBER
Classification number 23970
Item number 12816
100 ## - MAIN ENTRY--PERSONAL NAME
Personal name acharya rajneesh
245 ## - TITLE STATEMENT
Title l.s.d. a shortcut to false samadhi
Statement of responsibility, etc acharya rajneesh
260 ## - PUBLICATION, DISTRIBUTION, ETC. (IMPRINT)
Date of publication, distribution, etc 2004
Name of publisher, distributor, etc ishwarlal n shah publications
300 ## - PHYSICAL DESCRIPTION
Extent 25
Other physical details मोठा
600 ## - SUBJECT ADDED ENTRY--PERSONAL NAME
Personal name l.s.d. a shortcut to false samadhi
942 ## - ADDED ENTRY ELEMENTS (KOHA)
Koha item type Book
Holdings
Withdrawn status Lost status Damaged status Not for loan Home library Current library Date acquired Cost, normal purchase price Total Checkouts Barcode Date last seen Copy number Cost, replacement price Price effective from Koha item type
        Sarvajanik Wachanalaya, Kalyan Sarvajanik Wachanalaya, Kalyan   2.00   KPL-12816 02/01/2009 1 2.00 02/01/2009 Book